| 000 | 004460000a22001810004500 | ||
|---|---|---|---|
| 003 | MACL | ||
| 005 | 20160129125513.0 | ||
| 008 | 160129b xxu||||| |||| 00| 0 eng d | ||
| 040 |
_aMACL _cMACL |
||
| 041 | _aEnglish | ||
| 082 | _a823/GRE | ||
| 100 |
_aGrey, Anthony _935303 |
||
| 245 |
_aPeking _bA novel of China's Revolution 1921-1978 |
||
| 260 |
_bPan Books _c1988 |
||
| 350 | _a199 | ||
| 650 |
_aFiction _935305 |
||
| 942 |
_cBK _k823/GRE _2ddc |
||
| 999 |
_c32062 _d32062 |
||